They called me the catch me killer
Guardat en:
| Autor principal: | |
|---|---|
| Format: | Llibre |
| Idioma: | anglès |
| Publicat: |
International Rock Ministries,
1980
|
| Etiquetes: |
Afegir etiqueta
Sense etiquetes, Sigues el primer a etiquetar aquest registre!
|
MARC
| LEADER | 00000nam a22000007a 4500 | ||
|---|---|---|---|
| 008 | 210427b ||||| |||| 00| 0 eng d | ||
| 020 | |a 08423-0214-X | ||
| 100 | |a ERLER, Bob. | ||
| 245 | |a They called me the catch me killer |c Bob Erler, John C. Souter. |g 229p.; ill | ||
| 260 | |b International Rock Ministries, |c 1980 |h Dallas, Texas |i 687498 |l BV2785 .E75Er5 |m Evangelists - Arizona - Biography. |m Prisoners - Arizona - Biography. |m Church work with prisoners - Arizona. |m Church work with prisoners - Florida. | ||
| 942 | |a lcc |c BK |e Ogunmilade, F.T. |f 27/04/2021 | ||
| 952 | |0 0 |1 0 |2 lcc |4 0 |6 BV2785 E75 E R5 |7 0 |9 2339 |a HOL |b HOL |c AF |d 2021-04-27 |l 0 |o BV2785 .E75Er5 |p 2021-6193 |r 2021-04-27 00:00:00 |w 2021-04-27 |y BK | ||
| 999 | |c 1206 |d 1206 | ||